00445nam a22001577a 450000500170000001000150001702000260003203500130005803700130007108200080008410000200009224500390011226000310015127000790018230000260026120140801125247.0 aENG-109964 a9789351431466c150.00 aEN-93497 bDBAD/PUB a340 aRosedar, S.R.A. aJurisprudence /cby S.R.A. Rosedar aGurgaonbLexis Nexisc2014 a14th Floor, Bldg No.10, Tower-B, DLF Cyber City, Phase-IIbGurgaone122002 aviii,109p.c22cm(pbk)